| 000 | 00809nam a2200241 a 4500 | ||
|---|---|---|---|
| 005 | 20241023063849.0 | ||
| 008 | 050906s2000 mx r 000 0 spa d | ||
| 020 | _a8432310492 | ||
| 035 | _aUPN01000139977 | ||
| 049 | _aCG | ||
| 050 | 4 |
_aBF637 H4 _bS6.2 |
|
| 100 | 1 | _aSober, Elliot | |
| 245 | 1 | 3 |
_aEl comportamiento altruista : _bevolución y psicología / _cElliot Sober y David Sloan Wilson ; pról. Carlos López Fanjul ; tr. Ana Grandal Martín. |
| 260 |
_aMadrid : _bSiglo XXI, _c2000. |
||
| 300 | _a327 p. | ||
| 440 | 0 | _aCiencia | |
| 534 |
_pTítulo original: _tUnto others. The evolution and psychology of unselfish behavior |
||
| 650 | 2 |
_aAltruismo _92602 |
|
| 650 | 4 |
_aEGOISMO _910824 |
|
| 650 | 2 |
_aEvolución (Biología) _912397 |
|
| 700 | 1 |
_aWilson, David Sloan, _ecoaut. |
|
| 905 | _aLibro | ||
| 999 |
_c112125 _d112125 |
||